[Event "20th Heraklion IT Open 2017"]
[Site "Heraklion"]
[Date "2017.04.18"]
[Round "3"]
[White "Sredojevic, Ivan"]
[Black "Mamoulakis, Eleftherios"]
[Result "1-0"]
[WhiteElo "2351"]
[BlackElo "2117"]
[Annotator "TA"]
[PlyCount "43"]
[EventDate "2017.??.??"]
[EventType "swiss"]
[EventCountry "GRE"]
[SourceTitle "playchess.com"]
[Source "ChessBase"]
[SourceQuality "1"]

{[%evp 20,43,68,55,79,59,85,46,90,98,177,180,173,178,262,271,281,265,285,272,647,684,723,493,493,478]} 1. g3 Nf6 2. Bg2 e6 3. Nf3 c5 4. O-O Be7 5. c4 Nc6 6. d4 cxd4 7. Nxd4 O-O 8. Nc3 {[%cal Bb1c3,Bc3a4,Ba4b6][%mdl 32]} a6 9. Bf4 Nxd4 10. Qxd4 d6 11. Qd3 {LiveBook: 16 Games} Qb6 {A33: Symmetrical English: 2 Nf3 Nf6 3 d4 cxd4 4 Nxd4 e6 5 Nc3 Nc6} (11... Qc7 12. Rfd1 Rd8 13. Rac1 e5 14. Bg5 Be6 15. Bxf6 Bxf6 16. Nd5 Bxd5 17. Bxd5 Rac8 18. Qe4 Rd7 19. Rc3 {1-0 (56) Baryshpolets,A (2540)-Shahinyan,D (2383) Tbilisi 2014}) 12. Rac1 $146 (12. Na4 Qa5 13. Qb3 Nd7 14. Rfd1 Nc5 15. Nxc5 Qxc5 16. Be3 Qc7 17. Rd2 a5 18. Bb6 Qb8 19. Rad1 {1-0 (62) Kubala,M (2230)-Kantorik,M (2280) Martin 1996}) 12... Rd8 13. Na4 Qb4 {White is slightly better.} 14. b3 Rb8 (14... Qa5 $16 {was called for.}) 15. Bd2 $18 Qa3 16. Ba5 $36 {[%mdl 2048] White is in control.} Rd7 (16... Bd7 {was worth a try.} 17. Bxd8 Bxd8) 17. Qd2 d5 {and if ...dxc4 works, Black does fine.} 18. Nb6 Rd8 19. cxd5 Nxd5 $2 {[#]} (19... exd5 20. Nc4 (20. Rxc8 Rdxc8 21. Nxc8 Rxc8 $14) (20. Bxd5 Be6 21. Rfd1 Rxd5 22. Nxd5 Nxd5 $17) 20... dxc4 21. Bxd8 cxb3) 20. Nc4 {White is clearly winning.} ({Not} 20. Rxc8 Rdxc8 21. Nxc8 (21. Bxd5 exd5 22. Nxc8 Rxc8 $11) 21... Rxc8 $11) (20. Bxd5 exd5 21. b4 (21. Nxc8 Rdxc8 22. Bc7 Ra8 $16) (21. Nxd5 Re8 22. Bc7 Ra8 $18) 21... Bf6 $18) 20... Bb4 21. Nxa3 Bxd2 22. Bxd2 1-0

[Event "20th Heraklion IT Open 2017"]
[Site "Heraklion"]
[Date "2017.04.18"]
[Round "3"]
[White "Lirindzakis, Timotheos"]
[Black "Hristodoulaki, Antonia"]
[Result "1-0"]
[WhiteElo "2177"]
[BlackElo "1994"]
[Annotator "TA"]
[PlyCount "97"]
[EventDate "2017.??.??"]
[EventType "swiss"]
[EventCountry "GRE"]
[SourceTitle "playchess.com"]
[Source "ChessBase"]
[SourceQuality "1"]

{[%evp 17,97,54,63,31,53,48,43,41,50,37,57,37,33,35,43,43,43,43,50,43,54,46,50,40,46,29,45,27,39,50,78,80,73,58,54,56,60,57,54,46,87,62,91,98,81,43,43,27,150,154,241,229,212,200,205,160,197,155,161,147,164,161,237,247,493,488,499,560,569,570,569,561,513,538,537,477,475,471,532,562,886,886]} 1. d4 d5 2. c4 e6 3. Nf3 Nf6 4. Nc3 Be7 5. Bf4 O-O 6. e3 Nbd7 7. Be2 c6 {D37: Queen's Gambit Declined: 5 Bf4} (7... dxc4 8. O-O a6 9. a4 c5 10. dxc5 Nxc5 11. Bxc4 Bd7 12. Ne5 Be8 13. a5 Ncd7 14. Nf3 Rc8 15. Be2 {1-0 (44) So,W (2773)-Caruana,F (2795) Saint Louis 2016}) 8. h3 Ne4 9. O-O f5 {LiveBook: 6 Games. White is slightly better.} 10. Ne5 Bg5 $146 (10... Bf6 11. Nxd7 Bxd7 12. f3 Nxc3 13. bxc3 Bg5 14. Bxg5 Qxg5 15. f4 Qh6 16. Kh2 Rae8 17. Qb3 {1-0 (53) Fischer,J (2311)-Sargin,A (2186) Bad Woerishofen 2007}) 11. Bxg5 Qxg5 12. Nf3 Qf6 13. Qc2 Kh8 14. Nd2 (14. Rac1 $5 {with more complications.} Nd6 15. cxd5 exd5 16. Bd3 g5 17. Ne2) 14... Nxd2 15. Qxd2 dxc4 16. Bxc4 Nb6 17. Bb3 e5 18. dxe5 Qxe5 19. Rad1 Be6 20. Bxe6 Qxe6 21. b3 Rae8 22. Qd6 Qf7 23. Rd4 Nc8 24. Qc5 Qe7 25. Qxe7 Rxe7 26. Rfd1 Kg8 27. g4 $36 {[%mdl 2048] White has some pressure.} g6 28. Kg2 Kf7 29. Kg3 fxg4 30. hxg4 Kg7 31. Ne4 Nb6 32. Nc5 Rfe8 {[#]} (32... Nd5 $11 {remains equal.}) 33. e4 $1 $16 Kf6 (33... g5 $16 34. f3 Nc8) 34. f3 Kf7 35. a4 Nc8 36. b4 b6 37. Nb3 Rc7 38. Rc4 Ne7 39. Rd6 Rec8 {[#]} (39... c5 {is a better defense.} 40. bxc5 Rec8) 40. Nd4 $1 $18 c5 $2 (40... a6 41. Ne6 Ra7) 41. Ne6 {White is clearly winning.} Rb7 42. bxc5 Rbb8 43. c6 b5 44. axb5 Rxb5 45. Nd4 Rb6 46. Rd7 a6 47. Ra7 Ke8 48. Rc5 {Re5 is the strong threat.} Nxc6 49. Rxh7 1-0

[Event "20th Heraklion IT Open 2017"]
[Site "Heraklion"]
[Date "2017.04.18"]
[Round "3"]
[White "Moshovakis, Aggelos"]
[Black "Brokalakis - Gounaris, Christos"]
[Result "1-0"]
[WhiteElo "2030"]
[BlackElo "1773"]
[Annotator "NA RC"]
[PlyCount "83"]
[EventDate "2017.??.??"]
[EventType "swiss"]
[EventCountry "GRE"]
[SourceTitle "playchess.com"]
[Source "ChessBase"]
[SourceQuality "1"]
[TimeControl "40/5400+30:1800+30"]

{[%evp 8,55,25,20,13,-7,0,-27,-8,0,56,54,45,23,42,23,63,57,105,83,76,32767,75,76,152,132,158,144,32767,32767,212,203,204,166,173,104,485,482,482,495,516,511,522,532,683,476,688,599,626,539]} 1. e4 {[%emt 0:00:00]} e5 {[%emt 0:00:11]} 2. Nf3 {[%emt 0:00:00]} Nc6 {[%emt 0:00:23]} 3. Bc4 {[%emt 0:00:00]} Bc5 {[%emt 0:01:28]} 4. c3 {[%emt 0:00:13]} Nf6 {[%emt 0:05:14]} 5. d3 {[%emt 0:00:07]} O-O {[%emt 0:00:30]} 6. Bb3 {[%emt 0:00:29] C54: Giuoco Piano: 4 c3 Nf6, main lines with 5 d4 and 5 d3} (6. Bg5 d6 7. Nbd2 h6 8. Bh4 g5 9. Nxg5 hxg5 10. Bxg5 Kg7 11. Qf3 Be6 12. b4 Bb6 13. Bd5 a5 14. b5 Nb8 15. Bxb7 {½-½ (53) Carlsen,M (2840)-Karjakin,S (2785) Wijk aan Zee 2017}) 6... d5 7. Qe2 {[%emt 0:04:00] LiveBook: 97 Games} dxe4 {[%emt 0:04:29]} 8. dxe4 {[%emt 0:00:08]} Be6 {[%emt 0:07:36]} (8... Qe7 $11) 9. Bxe6 $146 {[%emt 0:02:55]} (9. Ba4 Bg4 10. h3 Bh5 11. Nbd2 Qe7 12. Nc4 a6 13. Ne3 Nxe4 {½-½ (37) Ianocichin,V (2139)-Gorbanovsky,O (2023) Kishinev 2012}) 9... fxe6 {[%emt 0:00:03]} 10. Qc4 {[%emt 0:00:33]} Qe7 {[%emt 0:01:45]} 11. b4 {[%emt 0:02:01]} Bb6 {[%emt 0:00:33]} 12. O-O {[%emt 0:03:45]} Rad8 {[%emt 0:05:23]} 13. a4 {[%emt 0:08:05]} a6 {[%emt 0:10:40]} 14. Bg5 {[%emt 0:02:10]} Qd6 {[%emt 0:11:19]} 15. Nbd2 {[%emt 0:01:30]} a5 {[%emt 0:02:43]} (15... h6 $14) 16. b5 {[%emt 0:01:24]} Ne7 {[%emt 0:00:09]} 17. Qb3 {[%emt 0:00:17]} h6 {[%emt 0:13:19]} 18. Nc4 {[%emt 0:02:31]} Qd7 {[%emt 0:06:12]} 19. Nfxe5 {[%emt 0:01:59]} Qc8 {[%emt 0:00:13]} 20. Nxb6 {[%emt 0:04:38]} cxb6 {[%emt 0:00:03]} 21. Be3 {[%emt 0:00:06]} ({Better is} 21. Bxf6 $18 gxf6 22. Nc4) 21... Qc7 $2 {[%emt 0:00:54]} (21... Nxe4 $16 {is more resistant.} 22. Bxb6 Rd5) 22. Qxe6+ {[%emt 0:00:22]} Kh7 {[%emt 0:00:31]} 23. Bxb6 {[%emt 0:00:33]} Qd6 {[%emt 0:02:14]} 24. Qxd6 {[%emt 0:00:06]} Rxd6 {[%emt 0:00:02]} 25. Bxa5 {[%emt 0:00:40]} Nxe4 {[%emt 0:00:22]} 26. f3 {[%emt 0:00:39]} Ng5 {[%emt 0:00:44]} 27. Bb4 {[%emt 0:01:11]} Re6 $18 {[%emt 0:00:21]} 28. Rfe1 {[%emt 0:01:09]} Rd8 {[%emt 0:00:54]} 29. c4 {[%emt 0:00:34]} Ng6 {[%emt 0:02:19]} 30. Nxg6 {[%emt 0:01:04]} Rxg6 {[%emt 0:00:01]} 31. Kf2 {[%emt 0:00:28]} Rd4 {[%emt 0:00:48]} 32. Rac1 {[%emt 0:00:33]} Ne6 {[%emt 0:00:36]} 33. g3 {[%emt 0:00:30]} Rd3 {[%emt 0:00:29]} 34. Re3 {[%emt 0:00:32]} Rd4 {[%emt 0:00:35]} 35. a5 {[%emt 0:00:14]} Ng5 {[%emt 0:01:10]} 36. Ra3 {[%emt 0:00:53]} Nh3+ {[%emt 0:00:49]} 37. Kf1 {[%emt 0:00:19]} Rf6 {[%emt 0:00:43]} 38. a6 {[%emt 0:00:12]} bxa6 {[%emt 0:00:14]} 39. bxa6 {[%emt 0:00:01]} Ng5 {[%emt 0:00:24]} 40. a7 {[%emt 0:00:00]} Nxf3 {[%emt 0:00:12]} 41. Rxf3 {[%emt 0:00:39]} Rxf3+ {[%emt 0:00:10]} 42. Kg2 {[%emt 0:00:07]} 1-0

[Event "20th Heraklion IT Open 2017"]
[Site "Heraklion"]
[Date "2017.04.18"]
[Round "3"]
[White "Sourgkounis, Angelos"]
[Black "Damia, Angelo"]
[Result "0-1"]
[WhiteElo "1960"]
[BlackElo "2417"]
[Annotator "RC"]
[PlyCount "70"]
[EventDate "2017.??.??"]
[EventType "swiss"]
[EventCountry "GRE"]
[SourceTitle "playchess.com"]
[Source "ChessBase"]
[SourceQuality "1"]
[TimeControl "40/5400+30:1800+30"]

1. d4 {[%emt 0:03:00]} Nf6 {[%emt 0:00:32]} 2. Nf3 {[%emt 0:00:11]} e6 {[%emt 0:00:31]} 3. e3 {[%emt 0:00:30]} b6 {[%emt 0:01:01]} 4. Bd3 {[%emt 0:00:10]} Bb7 {[%emt 0:00:05]} 5. Nbd2 {[%emt 0:01:09]} c5 {[%emt 0:02:03]} 6. O-O {[%emt 0:00:41]} Nc6 {[%emt 0:02:46]} 7. a3 {[%emt 0:02:01]} Qc7 {[%emt 0:00:22]} 8. Qe2 {[%emt 0:00:32]} Be7 {[%emt 0:04:52]} 9. c4 {[%emt 0:02:41]} g5 {[%emt 0:12:04]} 10. d5 {[%emt 0:16:55]} exd5 {[%emt 0:03:18]} 11. Nxg5 {[%emt 0:03:17]} dxc4 {[%emt 0:14:57]} 12. Bxc4 {[%emt 0:03:29]} Ne5 {[%emt 0:04:21]} 13. Ba2 {[%emt 0:15:59]} h6 {[%emt 0:04:09]} 14. Ngf3 {[%emt 0:06:13]} Rg8 {[%emt 0:03:57]} 15. e4 {[%emt 0:01:00]} O-O-O {[%emt 0:07:01]} 16. Nxe5 {[%emt 0:05:57]} Qxe5 {[%emt 0:00:07]} 17. Nc4 {[%emt 0:03:59]} Qxe4 {[%emt 0:12:09]} 18. Qxe4 {[%emt 0:00:23]} Nxe4 {[%emt 0:00:33]} 19. f3 {[%emt 0:00:49]} Ng5 {[%emt 0:01:12]} 20. Bxg5 {[%emt 0:01:57]} hxg5 {[%emt 0:05:14]} 21. Rfe1 {[%emt 0:04:01]} Rde8 {[%emt 0:12:30]} 22. Ne3 {[%emt 0:03:50]} Bf6 {[%emt 0:01:26]} 23. Bxf7 {[%emt 0:02:27]} Bxb2 {[%emt 0:00:05]} 24. Rab1 {[%emt 0:16:23]} Bc3 {[%emt 0:00:46]} 25. Bxg8 {[%emt 0:01:48]} Bxe1 {[%emt 0:00:52]} 26. Nf5 {[%emt 0:00:13]} Kc7 {[%emt 0:01:38]} 27. Bf7 {[%emt 0:01:26]} Re5 {[%emt 0:01:39]} 28. Bg6 {[%emt 0:01:29]} Bc3 {[%emt 0:00:55]} 29. h4 {[%emt 0:00:22]} gxh4 {[%emt 0:00:36]} 30. Nxh4 {[%emt 0:00:18]} d5 {[%emt 0:00:56]} 31. f4 {[%emt 0:00:18]} Re2 {[%emt 0:01:38]} 32. Bh5 {[%emt 0:00:58]} Re4 {[%emt 0:00:37]} 33. Rf1 {[%emt 0:00:46]} Ba6 {[%emt 0:00:22]} 34. Rf3 {[%emt 0:00:08]} Bd4+ {[%emt 0:00:18]} 35. Kh2 {[%emt 0:00:00]} Be2 {[%emt 0:00:02]} 0-1

[Event "20th Heraklion IT Open 2017"]
[Site "Heraklion"]
[Date "2017.04.18"]
[Round "3"]
[White "Fragiadakis, Emanouel"]
[Black "Wallace, John Paul"]
[Result "0-1"]
[WhiteElo "1827"]
[BlackElo "2404"]
[Annotator "TA"]
[PlyCount "58"]
[EventDate "2017.??.??"]
[EventType "swiss"]
[EventCountry "GRE"]
[SourceTitle "playchess.com"]
[Source "ChessBase"]
[SourceQuality "1"]

{[%evp 19,58,23,43,0,-11,-11,-10,-21,-12,-21,14,0,10,0,10,-8,0,-14,16,4,5,12,43,37,35,33,40,0,6,-180,-187,-182,-183,-187,-162,-183,-195,-245,-246,-333,-331]} 1. d4 Nf6 2. c4 g6 3. Nf3 Bg7 4. g3 O-O 5. Bg2 d6 6. O-O c6 7. Nc3 Qa5 8. Re1 Qh5 9. e4 e5 {E62: King's Indian: Fianchetto: 6...c6 and Panno Variation (6...Nc6) without ...a6} 10. dxe5 dxe5 {LiveBook: 5 Games} 11. Nh4 (11. Qd6 $14) (11. Qd6 Ne8 12. Qd3 Na6 13. Bg5 Nec7 14. h4 Ne6 15. Be7 Re8 16. Ba3 Rd8 17. Qe2 {½-½ (45) Pantsulaia,L (2583)-Azaladze,S (2402) Tbilisi 2009}) 11... Qxd1 $11 {The position is equal.} 12. Rxd1 Re8 13. h3 Na6 14. Be3 Nd7 $146 {[%cal Bf6d7,Bd7f8,Bf8e6,Be6d4][%mdl 32]} (14... Bf8 15. a3 Be6 16. Bf1 Nc5 17. Bxc5 Bxc5 {½-½ (25) Jandke,M (2190)-Zobel,T (2074) Bad Homburg 2009}) 15. Rd2 Nf8 16. Rad1 Nc7 17. Na4 Nfe6 18. f4 {[%cal Bf2f4,Bf4f5][%mdl 32]} Na6 19. f5 Nd4 $1 20. g4 (20. Bxd4 exd4 21. b3 c5 $17) 20... c5 21. Nc3 Nc7 22. Rf1 Rb8 23. a4 a6 24. Bxd4 $2 {[#]} (24. Rff2 $1 $11) 24... exd4 $19 ({Don't do} 24... cxd4 25. Nd5 Nxd5 26. exd5 $17 (26. cxd5 Bd7 27. fxg6 fxg6 $17)) 25. Nd5 Nxd5 26. exd5 Bh6 27. Rd3 b5 28. axb5 axb5 29. cxb5 Bd7 ({Much less strong is} 29... Rxb5 30. Ra3 $19) 0-1

[Event "20th Heraklion IT Open 2017"]
[Site "Heraklion"]
[Date "2017.04.18"]
[Round "3"]
[White "Dhruv Easwar"]
[Black "Friedel, Marcus"]
[Result "0-1"]
[WhiteElo "1753"]
[BlackElo "2182"]
[Annotator "ChessBase"]
[PlyCount "74"]
[EventDate "2017.??.??"]
[EventType "swiss"]
[EventCountry "GRE"]
[SourceTitle "playchess.com"]
[Source "ChessBase"]
[SourceQuality "1"]
[TimeControl "40/5400+30:1800+30"]

1. e4 {[%emt 0:00:00]} g6 {[%emt 0:00:08]} 2. d4 {[%emt 0:00:00]} Bg7 {[%emt 0:00:08]} 3. Nf3 {[%emt 0:00:19]} d6 {[%emt 0:00:32]} 4. Nc3 {[%emt 0:00:29]} c6 {[%emt 0:00:11]} 5. Bd3 {[%emt 0:01:20]} Bg4 {[%emt 0:03:33]} 6. Be3 {[%emt 0:00:27]} Qb6 {[%emt 0:01:59]} 7. O-O {[%emt 0:06:18]} Qxb2 {[%emt 0:06:34]} 8. Na4 {[%emt 0:00:31]} Qb4 {[%emt 0:02:23]} 9. c3 {[%emt 0:00:24]} Bxf3 {[%emt 0:04:24]} 10. gxf3 {[%emt 0:00:26]} Qa5 {[%emt 0:00:07]} 11. Qb3 {[%emt 0:01:42]} Qc7 {[%emt 0:08:37]} 12. Rab1 {[%emt 0:00:52]} b6 {[%emt 0:11:00]} 13. d5 {[%emt 0:01:18]} c5 {[%emt 0:00:35]} 14. Bb5+ {[%emt 0:00:27]} Nd7 {[%emt 0:00:16]} 15. Bc6 {[%emt 0:00:14]} Rd8 {[%emt 0:01:16]} 16. Qb5 {[%emt 0:01:47]} Ngf6 {[%emt 0:01:17]} 17. Bxd7+ {[%emt 0:02:36]} Qxd7 {[%emt 0:02:46]} 18. Qxd7+ {[%emt 0:01:30]} Nxd7 {[%emt 0:02:56]} 19. f4 {[%emt 0:00:47]} Rb8 {[%emt 0:01:21]} 20. Rb3 {[%emt 0:00:13]} Kd8 {[%emt 0:04:06]} 21. Rfb1 {[%emt 0:01:00]} Kc7 {[%emt 0:00:20]} 22. Nb2 {[%emt 0:00:47]} b5 {[%emt 0:02:36]} 23. Ra3 {[%emt 0:00:42]} Ra8 {[%emt 0:06:22]} 24. Nd3 {[%emt 0:00:51]} a6 {[%emt 0:01:12]} 25. e5 {[%emt 0:01:30]} Nb6 {[%emt 0:00:57]} 26. Rd1 {[%emt 0:01:17]} Nc4 {[%emt 0:01:10]} 27. Rb3 {[%emt 0:00:44]} Nxe3 {[%emt 0:00:09]} 28. fxe3 {[%emt 0:00:12]} c4 {[%emt 0:00:05]} 29. exd6+ {[%emt 0:01:16]} exd6 {[%emt 0:00:11]} 30. Ne5 {[%emt 0:01:13]} cxb3 {[%emt 0:00:37]} 31. Nxf7 {[%emt 0:00:11]} bxa2 {[%emt 0:02:01]} 32. Ra1 {[%emt 0:00:21]} Bxc3 {[%emt 0:01:42]} 33. Rxa2 {[%emt 0:00:09]} Rhe8 {[%emt 0:00:45]} 34. Kf2 {[%emt 0:00:10]} b4 {[%emt 0:02:18]} 35. Rc2 {[%emt 0:00:08]} a5 {[%emt 0:00:43]} 36. Ng5 {[%emt 0:00:09]} a4 {[%emt 0:00:33]} 37. Nxh7 {[%emt 0:00:10]} Rh8 {[%emt 0:00:27]} 0-1

[Event "20th Heraklion IT Open 2017"]
[Site "Heraklion"]
[Date "2017.04.18"]
[Round "3"]
[White "Vitsaxakis, Nikolaos"]
[Black "Kouvidis, Ioannis"]
[Result "1-0"]
[WhiteElo "1726"]
[BlackElo "1387"]
[Annotator "NA RC"]
[PlyCount "55"]
[EventDate "2017.??.??"]
[EventType "swiss"]
[EventCountry "GRE"]
[SourceTitle "playchess.com"]
[Source "ChessBase"]
[SourceQuality "1"]
[TimeControl "40/5400+30:1800+30"]

1. d4 {[%emt 0:00:46]} Nf6 {[%emt 0:00:07]} 2. Nf3 {[%emt 0:00:07]} g6 {[%emt 0:00:05]} 3. c4 {[%emt 0:00:19]} Bg7 {[%emt 0:00:08]} 4. Nc3 {[%emt 0:00:06]} O-O {[%emt 0:00:11]} 5. e4 {[%emt 0:00:04]} d6 {[%emt 0:00:06]} 6. h3 {[%emt 0:00:55]} e5 {[%emt 0:01:06]} 7. Be3 {[%emt 0:00:09]} Nc6 {[%emt 0:00:28]} 8. d5 {[%emt 0:00:35]} Ne7 {[%emt 0:00:06]} 9. b4 {[%emt 0:01:12]} Nd7 {[%emt 0:01:06]} 10. Nd2 {[%emt 0:01:10]} f5 {[%emt 0:00:12]} 11. f3 {[%emt 0:00:13]} fxe4 {[%emt 0:01:52]} 12. fxe4 {[%emt 0:00:28]} Bf6 {[%emt 0:02:00]} 13. Nf3 {[%emt 0:00:45]} a6 {[%emt 0:07:31]} 14. Be2 {[%emt 0:02:44]} Kh8 {[%emt 0:01:22]} 15. O-O {[%emt 0:00:38]} Ng8 {[%emt 0:01:44]} 16. Rc1 {[%emt 0:00:22]} h6 {[%emt 0:00:15]} 17. c5 {[%emt 0:00:26]} g5 {[%emt 0:00:33]} 18. cxd6 {[%emt 0:00:52]} cxd6 {[%emt 0:00:13]} 19. b5 {[%emt 0:00:27]} a5 {[%emt 0:00:53]} 20. Na4 {[%emt 0:01:17]} b6 {[%emt 0:00:08]} 21. Rc6 {[%emt 0:02:11]} Nc5 {[%emt 0:01:14]} 22. Nxb6 {[%emt 0:00:34]} Rb8 {[%emt 0:00:33]} 23. Nxc8 {[%emt 0:00:28]} Rxc8 {[%emt 0:00:07]} 24. Bxc5 dxc5 {[%emt 0:00:34]} 25. Nd2 {[%emt 0:01:39]} Be7 {[%emt 0:02:24]} 26. Nc4 {[%emt 0:00:21]} Rxf1+ {[%emt 0:00:37]} 27. Qxf1 {[%emt 0:00:06]} Nf6 {[%emt 0:01:05]} 28. Nxe5 {[%emt 0:00:06]} 1-0

[Event "20th Heraklion IT Open 2017"]
[Site "Heraklion"]
[Date "2017.04.18"]
[Round "3"]
[White "Serpetsidaki, Eva"]
[Black "Serpetsidakis, Nikolaos"]
[Result "0-1"]
[WhiteElo "1693"]
[BlackElo "1994"]
[Annotator "NA RC"]
[PlyCount "104"]
[EventDate "2017.??.??"]
[EventType "swiss"]
[EventCountry "GRE"]
[SourceTitle "playchess.com"]
[Source "ChessBase"]
[SourceQuality "1"]
[TimeControl "40/5400+30:1800+30"]

{[%evp 8,104,28,14,36,1,33,16,30,12,33,4,18,8,13,8,-1,7,19,20,29,16,41,34,60,20,12,22,18,13,16,32767,32767,32767,5,0,16,0,32,24,44,0,32767,32767,32767,32767,32767,32767,32767,-87,-79,-96,-90,-101,-102,-123,-99,-101,-100,-97,-95,-101,-108,-127,-116,-116,-78,-54,-59,-87,-8,-168,-177,-192,-177,-174,-163,-241,-226,32767,32767,32767,-257,32767,-233,-402,-475,32767,-760,-1270,-1400,32767,32767,-5122,-5097,32767,-5473,32767,-6089]} 1. e4 {[%emt 0:09:04]} e6 {[%emt 0:00:24]} 2. d4 {[%emt 0:00:11]} d5 {[%emt 0:00:07]} 3. exd5 {[%emt 0:00:07]} exd5 {[%emt 0:00:08]} 4. Bd3 {[%emt 0:00:19]} Nc6 {[%emt 0:00:23]} 5. c3 {[%emt 0:02:07] LiveBook: 495 Games} Bd6 {[%emt 0:01:03]} 6. Nd2 {[%emt 0:03:59] C01: French: Exchange Variation} (6. Qf3 Be6 7. Ne2 Qd7 8. h3 O-O-O 9. Be3 Nge7 10. Bf4 Bxf4 11. Nxf4 g5 12. Nxe6 fxe6 13. Nd2 e5 14. dxe5 Nxe5 15. Qg3 Nxd3+ 16. Qxd3 {0-1 (25) Horvath,A (2536)-Rapport,R (2676) Hungary 2014}) 6... Nge7 {[%emt 0:02:11]} 7. Ne2 {[%emt 0:02:53]} Bg4 {[%emt 0:00:49]} 8. h3 $146 {[%emt 0:00:53]} (8. Nf1 Bh5 9. Ne3 Bg6 10. Ng3 Qd7 11. Qc2 Bxd3 12. Qxd3 O-O-O 13. Bd2 h5 14. O-O-O g6 15. Ne2 Rde8 16. h4 Nd8 17. g3 Ne6 18. Ng2 c6 19. Nef4 Nxf4 20. Bxf4 Bxf4+ 21. Nxf4 {½-½ (21) Ilincic,Z (2447)-Kosic,D (2481) Subotica 2010}) 8... Bh5 {[%emt 0:00:17]} 9. Qb3 {[%emt 0:00:32]} b6 {[%emt 0:07:06]} 10. Qc2 {[%emt 0:04:28]} Qd7 {[%emt 0:02:13]} 11. Nb3 {[%emt 0:09:09]} Bg6 {[%emt 0:02:02]} 12. Bf4 {[%emt 0:02:06]} a5 {[%emt 0:01:45]} 13. O-O {[%emt 0:02:18]} Bxd3 {[%emt 0:12:00]} 14. Qxd3 {[%emt 0:00:11]} Bxf4 {[%emt 0:03:25]} 15. Nxf4 {[%emt 0:01:10]} Qd6 {[%emt 0:00:06]} 16. Ne2 {[%emt 0:03:43]} O-O {[%emt 0:03:21]} 17. Nd2 {[%emt 0:00:38]} Rfe8 {[%emt 0:00:29]} 18. Rfe1 {[%emt 0:02:49]} Ng6 {[%emt 0:05:59]} 19. Rad1 {[%emt 0:02:42]} Re6 {[%emt 0:01:44]} 20. Ng3 {[%emt 0:02:32]} Rae8 {[%emt 0:02:25]} 21. Rxe6 {[%emt 0:00:56]} fxe6 {[%emt 0:01:34]} 22. Nf3 {[%emt 0:00:24]} Nd8 {[%emt 0:12:00]} 23. Qb5 {[%emt 0:02:31]} Rf8 {[%emt 0:02:41]} 24. Qd3 {[%emt 0:03:46]} Qf4 {[%emt 0:04:46]} 25. Qd2 {[%emt 0:01:08]} Qxd2 {[%emt 0:04:20]} 26. Rxd2 {[%emt 0:00:24]} Nf4 {[%emt 0:01:10]} 27. Ne2 {[%emt 0:01:21]} Nxh3+ {[%emt 0:00:55]} 28. Kf1 {[%emt 0:03:06]} Nf4 {[%emt 0:00:33]} 29. Nxf4 {[%emt 0:00:06]} Rxf4 {[%emt 0:00:03]} 30. Re2 {[%emt 0:00:07]} Kf7 {[%emt 0:02:50]} 31. Ng5+ {[%emt 0:01:39]} Kf6 {[%emt 0:03:03]} 32. g3 {[%emt 0:01:05]} ({Not} 32. Nxh7+ $2 Kg6 33. Re5 (33. g3 $2 Rf7 34. Kg2 Kxh7 $19) 33... Kxh7 $19) 32... Rf5 {[%emt 0:02:49]} ({Much worse is} 32... Kxg5 $6 33. gxf4+ Kxf4 34. Re3 $14) 33. f4 {[%emt 0:00:05]} ({Don't take} 33. Nxh7+ $2 Kg6 34. b4 a4 $19) 33... h6 {[%emt 0:00:50]} 34. Nf3 {[%emt 0:06:40]} g5 {[%emt 0:04:12]} 35. fxg5+ {[%emt 0:00:07]} hxg5 {[%emt 0:00:09]} 36. Kg2 {[%emt 0:00:09]} Nf7 {[%emt 0:02:00]} 37. g4 {[%emt 0:01:03]} Rf4 {[%emt 0:00:32]} 38. Kg3 {[%emt 0:00:04]} c5 {[%emt 0:02:26]} 39. Rh2 $2 {[%emt 0:02:07]} (39. a4 $11 {and White stays safe.}) 39... Re4 {[%emt 0:05:45]} 40. Rd2 {[%emt 0:00:00]} cxd4 {[%emt 0:07:22]} 41. cxd4 {[%emt 0:03:19]} e5 {[%emt 0:07:45]} 42. Rc2 {[%emt 0:07:45]} (42. Rf2 $142 Ke7 43. dxe5) 42... exd4 {[%emt 0:06:40]} 43. Rc6+ {[%emt 0:00:08]} Re6 {[%emt 0:00:05]} 44. Nxd4 {[%emt 0:00:22]} Rxc6 {[%emt 0:00:09]} 45. Nxc6 {[%emt 0:00:10]} Ke6 {[%emt 0:02:24]} 46. b4 {[%emt 0:01:56]} (46. Kf2 {might work better.}) 46... Kd6 {[%emt 0:05:06]} 47. b5 {[%emt 0:00:40]} Kc5 {[%emt 0:00:04]} 48. a4 {[%emt 0:00:36]} d4 {[%emt 0:01:38]} 49. Kf3 {[%emt 0:00:25]} Kc4 {[%emt 0:02:09]} 50. Ke4 {[%emt 0:01:49]} d3 {[%emt 0:03:16]} 51. Ne7 {[%emt 0:02:58]} d2 {[%emt 0:00:30]} 52. Nd5 {[%emt 0:00:22]} Nd6+ $19 {[%emt 0:00:08]} 0-1